Religiozita a jej potenciál pre rozvoj cestovného ruchu v Nitrianskom samosprávnom kraji
Religiozita a cestovný ruch - niekoľko príkladov z Európy. Ponuka sakrálne zameraných tematických trás v Česku. Religiozita a cestovný ruch v Nitrianskom samosprávnom kraji.
Na minha lista:
| Autor principal: | |
|---|---|
| Outros Autores: | |
| Formato: | Capítulo de Livro |
| Idioma: | eslovaco |
| Assuntos: | |
| Tags: |
Sem tags, seja o primeiro a adicionar uma tag!
|
MARC
| LEADER | 00000nla a2200000 4500 | ||
|---|---|---|---|
| 001 | 0193491 | ||
| 005 | 20240417075050.3 | ||
| 041 | 0 | |a slo | |
| 044 | |a CZ | ||
| 245 | 1 | 0 | |a Religiozita a jej potenciál pre rozvoj cestovného ruchu v Nitrianskom samosprávnom kraji |c Alfred Krogmann, Lucia Šolcová |
| 520 | |a Religiozita a cestovný ruch - niekoľko príkladov z Európy. Ponuka sakrálne zameraných tematických trás v Česku. Religiozita a cestovný ruch v Nitrianskom samosprávnom kraji. | ||
| 610 | 2 | 0 | |a ruch cestovný |
| 610 | 2 | 0 | |a kraje |
| 610 | 2 | 0 | |a náboženstvo |
| 610 | 2 | 0 | |a Slovensko |
| 610 | 2 | 0 | |a Česko |
| 610 | 2 | 0 | |a Európa |
| 100 | 1 | |a Krogmann, Alfred | |
| 700 | 1 | |a Šolcová, Lucia | |